Normal view
MARC view
Entry Personal Name
001 - CONTROL NUMBER
- control field: 92982
003 - CONTROL NUMBER IDENTIFIER
- control field: OSt
005 - DATE AND TIME OF LATEST TRANSACTION
- control field: 20230425160312.0
008 - FIXED-LENGTH DATA ELEMENTS
- fixed length control field: 230425|| aca||aabn | a|a d
040 ## - CATALOGING SOURCE
- Original cataloging agency: OSt
- Transcribing agency: OSt
100 ## - HEADING--PERSONAL NAME
- Personal name: WEIGOLD (Auriol)
670 ## - SOURCE DATA FOUND
- Source citation: Work cat.: (OSt)161671: WEIGOLD (Auriol), Churchill roosevelt and India: propaganda during world war II, 2008